Phương pháp biên soạn hệ thống tài khoản Quốc gia Việt Nam ( SNA )

Sách đề cập đến phương pháp tính các chỉ tiêu kinh tế tổng hợp và lập các tài khoản theo một nguyên tắc, nội dung, phạm vi thống nhất và tính cho từng ngành, từng hoạt động cụ thể.

Shranjeno v:
Bibliografske podrobnosti
Glavni avtor: Tổng cục Thống Kê
Format: Knjiga
Jezik:Undetermined
Izdano: Hà Nội Thống Kê 1998
Teme:
Oznake: Označite
Brez oznak, prvi označite!
Thư viện lưu trữ: Trung tâm Học liệu Trường Đại học Cần Thơ
LEADER 00914nam a2200205Ia 4500
001 CTU_42810
008 210402s9999 xx 000 0 und d
020 |c 36000 
082 |a 657 
082 |b T455 
100 |a Tổng cục Thống Kê 
245 0 |a Phương pháp biên soạn hệ thống tài khoản Quốc gia Việt Nam ( SNA ) 
245 0 |c Tổng cục Thống Kê 
260 |a Hà Nội 
260 |b Thống Kê 
260 |c 1998 
520 |a Sách đề cập đến phương pháp tính các chỉ tiêu kinh tế tổng hợp và lập các tài khoản theo một nguyên tắc, nội dung, phạm vi thống nhất và tính cho từng ngành, từng hoạt động cụ thể. 
650 |a accounting,collecting of accounts 
904 |i Minh, 010813 
980 |a Trung tâm Học liệu Trường Đại học Cần Thơ